[Event "RA Spring op"]
[Site "Ottawa CAN"]
[Date "2000.03.18"]
[Round "3"]
[White "Pacey, Kevin"]
[Black "Stanica, Ovidiu"]
[Result "1-0"]
[WhiteElo "2315"]
[BlackElo "1950"]
[PlyCount "52"]
[GameId "2160767911732938"]
[EventDate "2000.03.17"]
[EventType "swiss"]
[EventRounds "5"]
[EventCountry "CAN"]

1. e4 c5 2. Nf3 Nc6 3. d4 cxd4 4. Nxd4 Nf6 5. Nc3 e5 6. Ndb5 d6 7. Bg5 a6 8. Na3 b5 9. Bxf6 gxf6 10. Nd5 f5 11. Nxb5 axb5 12. Bxb5 Bd7 13. exf5 Be7 14. c3 Nb8 15. a4 Bxb5 16. axb5 Rxa1 17. Qxa1 Nd7 18. Qa7 Qb8 19. b6 Bd8 20. O-O Qc8 21. b7 Qc6 22. Qa8 O-O 23. Qxd8 Qxb7 24. Qg5+ Kh8 25. Nf6 Rc8 26. g3 Qc7 1-0

[Event "RA Spring op"]
[Site "Ottawa CAN"]
[Date "2000.03.19"]
[Round "4"]
[White "Pacey, Kevin"]
[Black "Gordon, David"]
[Result "1-0"]
[WhiteElo "2315"]
[BlackElo "2196"]
[PlyCount "91"]
[GameId "2160767911732939"]
[EventDate "2000.03.17"]
[EventType "swiss"]
[EventRounds "5"]
[EventCountry "CAN"]

1. e4 e6 2. d4 d5 3. e5 c5 4. Nf3 Nc6 5. Bd3 cxd4 6. O-O Bd7 7. a3 Nge7 8. Bf4 Ng6 9. Bg3 Be7 10. b4 Qc7 11. Nbd2 O-O 12. h4 a6 13. Qe2 Rfc8 14. Nb3 Qb6 15. Rfd1 Na7 16. Nbxd4 Nb5 17. Qe3 Nxd4 18. Nxd4 Nxh4 19. Nf5 Qd8 20. Nd6 Bxd6 21. exd6 Bb5 22. c4 Bxc4 23. d7 Rc6 24. Bxh4 Qxh4 25. Bxc4 Rxc4 26. Rxd5 Qd8 27. Rd3 Rc7 28. Rad1 b5 29. Rd6 Raa7 30. Qd4 Kf8 31. g3 h6 32. Qh4 f6 33. Qd4 Rab7 34. Qd3 Ra7 35. Qh7 Kf7 36. Qe4 e5 37. Qd5+ Kf8 38. Qe6 Rab7 39. R6d5 Ra7 40. Qb6 Rab7 41. Qxa6 Ra7 42. Qxb5 Rxa3 43. Qb6 Raa7 44. Rc5 Kf7 45. Rxc7 Rxc7 46. Qxc7 1-0

[Event "RA Spring op"]
[Site "Ottawa CAN"]
[Date "2000.03.19"]
[Round "5"]
[White "Ferguson, Jim"]
[Black "Pacey, Kevin"]
[Result "0-1"]
[WhiteElo "2231"]
[BlackElo "2315"]
[PlyCount "54"]
[GameId "2160767911732940"]
[EventDate "2000.03.17"]
[EventType "swiss"]
[EventRounds "5"]
[EventCountry "CAN"]

1. e4 e6 2. d4 d5 3. Nc3 Bb4 4. e5 c5 5. a3 Ba5 6. Qg4 Ne7 7. dxc5 Bxc3+ 8. bxc3 Qc7 9. Nf3 Nd7 10. Bb5 Qxc5 11. Qb4 Qc7 12. Bg5 Ng6 13. O-O h6 14. Be3 Ne7 15. Bc5 a5 16. Bxd7+ Bxd7 17. Qb6 Rc8 18. Qxc7 Rxc7 19. Bd4 Ba4 20. Rfc1 Kd7 21. Bb6 Rxc3 22. Bxa5 Rxc2 23. Rcb1 Rb8 24. Rb6 Nc6 25. Bb4 Kc7 26. Rxc6+ Rxc6 27. Nd4 Ra6 0-1

[Event "RA Summer Pickup #1"]
[Site "Ottawa CAN"]
[Date "2000.06.08"]
[Round "6"]
[White "Voloaca, Mihnea"]
[Black "Pacey, Kevin"]
[Result "0-1"]
[WhiteElo "2237"]
[BlackElo "2341"]
[PlyCount "76"]
[GameId "2160767911716165"]
[EventDate "2000.05.04"]
[EventType "swiss"]
[EventRounds "6"]
[EventCountry "CAN"]

1. Nf3 Nf6 2. c4 c5 3. Nc3 d5 4. cxd5 Nxd5 5. e4 Nxc3 6. dxc3 Qxd1+ 7. Kxd1 Bg4 8. Be3 Nd7 9. Kc2 O-O-O 10. Nd2 e6 11. a4 Bd6 12. Nc4 Bc7 13. f3 Bh5 14. Rd1 Bg6 15. Nd6+ Kb8 16. Kc1 Nb6 17. Bxc5 Nxa4 18. Ba3 Bb6 19. Bb5 Be3+ 20. Kc2 Nb6 21. Rhe1 Bf4 22. g3 Bg5 23. f4 Be7 24. Kb3 Bh5 25. Rd4 f6 26. g4 Bxg4 27. Nf7 Rxd4 28. Nxh8 Rd1 29. Re3 Bxa3 30. Kxa3 Ra1+ 31. Kb4 Rb1 32. b3 Bd1 33. c4 Kc7 34. Rg3 g6 35. Nf7 a6 36. Be8 a5+ 37. Kxa5 Rxb3 38. c5 Nc4+ 0-1

[Event "RA Summer Pickup #2"]
[Site "Ottawa CAN"]
[Date "2000.06.15"]
[Round "1"]
[White "Dunn, David"]
[Black "Pacey, Kevin"]
[Result "0-1"]
[WhiteElo "2130"]
[BlackElo "2341"]
[PlyCount "136"]
[GameId "2160767911703469"]
[EventDate "2000.06.15"]
[EventType "swiss"]
[EventRounds "6"]
[EventCountry "CAN"]

1. e4 e5 2. Nf3 Nf6 3. Nxe5 d6 4. Nf3 Nxe4 5. Qe2 Qe7 6. d3 Nf6 7. Bg5 Qxe2+ 8. Bxe2 Be7 9. Nc3 c6 10. h3 Na6 11. O-O-O Nc7 12. Ne4 Nxe4 13. dxe4 Ne6 14. Bxe7 Kxe7 15. Rhe1 a5 16. Nd4 Nxd4 17. Rxd4 Be6 18. a3 b5 19. f4 f6 20. Red1 Rhd8 21. Bg4 Bf7 22. Bf3 Rab8 23. b3 c5 24. R4d2 c4 25. e5 fxe5 26. fxe5 dxe5 27. Bd5 c3 28. Rd3 Bxd5 29. Rxd5 Rxd5 30. Rxd5 Ke6 31. Rc5 b4 32. Rxa5 Rf8 33. Kd1 Rf2 34. axb4 Rd2+ 35. Ke1 Rxg2 36. Rc5 Rxc2 37. b5 Rd2 38. Rxc3 Rd5 39. Rc7 Kf6 40. Rc6+ Kg5 41. Rc7 Kf6 42. Rc6+ Kf5 43. Rc7 g5 44. Rxh7 Rxb5 45. Rf7+ Ke4 46. Rg7 Kf4 47. Rf7+ Ke3 48. Rf5 Rxb3 49. Rxe5+ Kf4 50. Re8 Rxh3 51. Kf1 Rh2 52. Kg1 Ra2 53. Rb8 g4 54. Rb4+ Kg3 55. Rb3+ Kh4 56. Kf1 Rh2 57. Rb4 Kh3 58. Rb8 Rh1+ 59. Kf2 g3+ 60. Kf3 Rf1+ 61. Ke2 Kg2 62. Rg8 Rf2+ 63. Ke1 Rf5 64. Re8 Kg1 65. Ke2 g2 66. Re7 Rh5 67. Rg7 Kh1 68. Kf2 Rf5+ 0-1

[Event "RA Summer Pickup #2"]
[Site "Ottawa CAN"]
[Date "2000.06.22"]
[Round "2"]
[White "Pacey, Kevin"]
[Black "Peev, Pavel"]
[Result "0-1"]
[WhiteElo "2322"]
[BlackElo "2066"]
[PlyCount "80"]
[GameId "2160767911703470"]
[EventDate "2000.06.15"]
[EventType "swiss"]
[EventRounds "6"]
[EventCountry "CAN"]

1. e4 c5 2. Nf3 d6 3. d4 cxd4 4. Nxd4 Nf6 5. Nc3 g6 6. Be2 Bg7 7. O-O O-O 8. Re1 Nc6 9. Nb3 Be6 10. Bf1 Rc8 11. Nd5 Ne5 12. Bg5 Nc4 13. Rb1 Re8 14. Nxf6+ Bxf6 15. Bxf6 exf6 16. Nd4 Qb6 17. Bxc4 Rxc4 18. c3 Rcc8 19. Nxe6 Rxe6 20. Qd3 Rce8 21. Kf1 Qa5 22. a3 Qe5 23. g3 Qh5 24. h4 Qg4 25. Red1 Rxe4 26. Qxd6 Qf3 27. Kg1 Re2 28. Rf1 f5 29. c4 f4 30. Qxf4 Qxf4 31. gxf4 R8e4 32. b3 Rxf4 33. Rfe1 Rexf2 34. Re3 Ra2 35. Rh3 Rxa3 36. h5 Rxc4 37. hxg6 hxg6 38. Rd1 Rc2 39. Rd8+ Kg7 40. Rf3 Ra1+ 0-1

[Event "RA Summer Pickup #2"]
[Site "Ottawa CAN"]
[Date "2000.06.29"]
[Round "3"]
[White "Voloaca, Mihnea"]
[Black "Pacey, Kevin"]
[Result "1/2-1/2"]
[WhiteElo "2237"]
[BlackElo "2322"]
[PlyCount "66"]
[GameId "2160767911703471"]
[EventDate "2000.06.15"]
[EventType "swiss"]
[EventRounds "6"]
[EventCountry "CAN"]

1. d4 d6 2. e4 Nf6 3. f3 Nc6 4. Bg5 e5 5. c3 Be7 6. Bb5 Bd7 7. Ne2 O-O 8. O-O Nxd4 9. Nxd4 exd4 10. Bxd7 dxc3 11. Nxc3 Qxd7 12. Qb3 c6 13. Rfd1 Qc7 14. Rac1 Rfd8 15. Bxf6 Bxf6 16. Nd5 Qd7 17. Nxf6+ gxf6 18. Rc3 Qe7 19. Rcd3 Rd7 20. Qa3 c5 21. Qc3 Re8 22. Rd5 Qd8 23. Qd2 Re6 24. Rxc5 dxc5 25. Qxd7 Qxd7 26. Rxd7 Rb6 27. b3 Ra6 28. Rxb7 Rxa2 29. Rc7 Rb2 30. Rxc5 Rxb3 31. Ra5 Rb7 32. g4 Kf8 33. Kg2 Kg7 1/2-1/2

[Event "RA Summer Pickup #2"]
[Site "Ottawa CAN"]
[Date "2000.07.06"]
[Round "4"]
[White "Pacey, Kevin"]
[Black "Djerkovic, Miladin"]
[Result "1/2-1/2"]
[WhiteElo "2322"]
[BlackElo "2333"]
[PlyCount "92"]
[GameId "2160767911703472"]
[EventDate "2000.06.15"]
[EventType "swiss"]
[EventRounds "6"]
[EventCountry "CAN"]

1. e4 c5 2. Nc3 d6 3. g3 g6 4. Bg2 Bg7 5. d3 Nc6 6. Be3 Rb8 7. Qd2 b5 8. Nge2 Nd4 9. O-O b4 10. Nd1 e6 11. f4 Ne7 12. f5 exf5 13. Nxd4 cxd4 14. Bh6 O-O 15. Bxg7 Kxg7 16. Qf2 Qb6 17. g4 Qc5 18. gxf5 gxf5 19. exf5 Bxf5 20. Qh4 Ng6 21. Qg5 Rb5 22. Nf2 Be6 23. Qg3 Qe5 24. Ne4 Qxg3 25. hxg3 Rd8 26. a4 Ra5 27. b3 Rc8 28. Rf2 Rd8 29. Raf1 h6 30. Nf6 Rg5 31. Kh2 Ne5 32. Bh3 Bxh3 33. Kxh3 d5 34. Rf4 Kg6 35. Rxd4 Nc6 36. Rdf4 Rc8 37. R1f2 a5 38. g4 Re5 39. Nh5 Re3+ 40. Kh4 Ne5 41. Rf6+ Kh7 42. Rxf7+ Nxf7 43. Rxf7+ Kg8 44. Rd7 Rxc2 45. Nf6+ Kf8 46. Nh7+ Ke8 1/2-1/2

[Event "RA Summer Pickup #2"]
[Site "Ottawa CAN"]
[Date "2000.07.13"]
[Round "5"]
[White "Pacey, Kevin"]
[Black "Collins, Chris"]
[Result "1-0"]
[WhiteElo "2322"]
[BlackElo "2156"]
[PlyCount "29"]
[GameId "2160767911703473"]
[EventDate "2000.06.15"]
[EventType "swiss"]
[EventRounds "6"]
[EventCountry "CAN"]

1. e4 c5 2. Nf3 d6 3. d4 cxd4 4. Qxd4 Nc6 5. Bb5 Bd7 6. Bxc6 Bxc6 7. c4 Nf6 8. Nc3 e6 9. O-O Be7 10. b3 Qc7 11. Bb2 a6 12. Rac1 b6 13. Nd5 Qb7 14. Nxe7 e5 15. Qxd6 1-0

[Event "RA Summer Pickup #2"]
[Site "Ottawa CAN"]
[Date "2000.07.20"]
[Round "6"]
[White "Dunn, David"]
[Black "Pacey, Kevin"]
[Result "1-0"]
[WhiteElo "2136"]
[BlackElo "2322"]
[PlyCount "63"]
[GameId "2160767911703474"]
[EventDate "2000.06.15"]
[EventType "swiss"]
[EventRounds "6"]
[EventCountry "CAN"]

1. e4 e6 2. d4 d5 3. exd5 exd5 4. c4 Nf6 5. Nc3 c6 6. Bd3 Be6 7. cxd5 Bxd5 8. Nf3 Bxf3 9. Qxf3 Be7 10. O-O O-O 11. Re1 Nbd7 12. d5 Nc5 13. Bf5 cxd5 14. Bg5 d4 15. Rad1 Ne6 16. Bxe6 fxe6 17. Qxb7 Rb8 18. Qxa7 e5 19. f4 Qb6 20. Qxb6 Rxb6 21. Na4 Rb4 22. b3 Rc8 23. fxe5 Nd5 24. Bxe7 Nxe7 25. Rc1 Rd8 26. Nc5 d3 27. Rcd1 d2 28. Re2 Rd5 29. Ne6 Rb6 30. Ng5 Rg6 31. Nf3 Rd3 32. Kf2 1-0

[Event "RA Summer Pickup #3"]
[Site "Ottawa CAN"]
[Date "2000.07.27"]
[Round "1"]
[White "Pacey, Kevin"]
[Black "Voloaca, Mihnea"]
[Result "1-0"]
[WhiteElo "2322"]
[BlackElo "2225"]
[PlyCount "79"]
[GameId "2160767911653010"]
[EventDate "2000.07.27"]
[EventType "swiss"]
[EventRounds "6"]
[EventCountry "CAN"]

1. d4 g6 2. e4 d6 3. Nf3 Bg7 4. Bc4 Nf6 5. Qe2 c6 6. e5 Nd5 7. O-O O-O 8. h3 Qc7 9. Bxd5 cxd5 10. Nc3 dxe5 11. Nxe5 Be6 12. Bf4 Qb6 13. Qd2 Nc6 14. Rfd1 Nxe5 15. Bxe5 f6 16. Bg3 Bf7 17. a4 Qc6 18. Ra3 Rad8 19. Nb5 a6 20. Rc3 Qe8 21. Nc7 Qd7 22. Qe2 e5 23. dxe5 fxe5 24. Bxe5 Bxe5 25. Qxe5 d4 26. a5 Qd6 27. Rc5 Qxe5 28. Rxe5 Rc8 29. Re7 Rfd8 30. Rde1 Rd6 31. Ne8 Rdd8 32. Nf6+ Kg7 33. Nxh7 Rxc2 34. Ng5 Rf8 35. Ne6+ Kg8 36. Nxf8 Kxf8 37. Rxb7 d3 38. Rd1 Bc4 39. b3 Bd5 40. Rd7 1-0

[Event "RA Summer Pickup #3"]
[Site "Ottawa CAN"]
[Date "2000.08.03"]
[Round "2"]
[White "Djerkovic, Miladin"]
[Black "Pacey, Kevin"]
[Result "0-1"]
[WhiteElo "2333"]
[BlackElo "2322"]
[PlyCount "58"]
[GameId "2160767911653011"]
[EventDate "2000.07.27"]
[EventType "swiss"]
[EventRounds "6"]
[EventCountry "CAN"]

1. e4 e6 2. d4 d5 3. Nc3 Bb4 4. e5 Ne7 5. a3 Bxc3+ 6. bxc3 b6 7. Nf3 Ba6 8. Bxa6 Nxa6 9. Qd3 Nb8 10. a4 Nd7 11. O-O h6 12. c4 dxc4 13. Qxc4 c5 14. dxc5 Qc7 15. Qg4 Nxe5 16. Nxe5 Qxe5 17. Rb1 Qxc5 18. Qxg7 Rg8 19. Qxh6 O-O-O 20. Qe3 Qc6 21. f3 Qxc2 22. Qf2 Qxb1 23. Ba3 Rd1 24. Bxe7 Rxf1+ 25. Qxf1 Qxf1+ 26. Kxf1 Kd7 27. Bf6 Rg6 28. Bc3 Rh6 29. Be5 f6 0-1

[Event "RA Summer Pickup #3"]
[Site "Ottawa CAN"]
[Date "2000.08.10"]
[Round "3"]
[White "Pacey, Kevin"]
[Black "Dunn, David"]
[Result "1-0"]
[WhiteElo "2322"]
[BlackElo "2138"]
[PlyCount "79"]
[GameId "2160767911653012"]
[EventDate "2000.07.27"]
[EventType "swiss"]
[EventRounds "6"]
[EventCountry "CAN"]

1. e4 c5 2. Nf3 d6 3. d4 cxd4 4. Qxd4 Nc6 5. Bb5 Bd7 6. Bxc6 Bxc6 7. c4 e6 8. Nc3 Nf6 9. O-O Be7 10. b3 O-O 11. Bb2 a6 12. a4 Qb8 13. Rfe1 Qa7 14. Qd3 Rfd8 15. Nd5 Nxd5 16. exd5 Bd7 17. dxe6 fxe6 18. Bd4 Qb8 19. a5 Qc8 20. Re3 e5 21. Bb6 Rf8 22. Rd1 Bf5 23. Qc3 Qc6 24. Rde1 Bg4 25. Nd2 Bg5 26. Rg3 Bxd2 27. Qxd2 Be6 28. Rd3 Rf5 29. Rxd6 Qe8 30. Qb2 Qe7 31. Bc5 Rd8 32. Rd5 Qe8 33. Rdxe5 Rxe5 34. Qxe5 Bf7 35. Qc3 Qd7 36. h3 Qf5 37. Bd4 Be8 38. Re7 Qb1+ 39. Kh2 Qh1+ 40. Kxh1 1-0

[Event "RA Summer Pickup #3"]
[Site "Ottawa CAN"]
[Date "2000.08.17"]
[Round "4"]
[White "Ferguson, Jim"]
[Black "Pacey, Kevin"]
[Result "0-1"]
[WhiteElo "2216"]
[BlackElo "2304"]
[PlyCount "70"]
[GameId "2160767911653013"]
[EventDate "2000.07.27"]
[EventType "swiss"]
[EventRounds "6"]
[EventCountry "CAN"]

1. e4 e5 2. f4 exf4 3. Nf3 g5 4. Bc4 Bg7 5. d4 Nc6 6. c3 h6 7. h4 g4 8. Ng1 d5 9. exd5 Nce7 10. Bb5+ Kf8 11. Bxf4 Qxd5 12. Qe2 Nf6 13. Nd2 Bf5 14. Be5 Nc6 15. Bc4 Qd7 16. O-O-O Re8 17. Qf2 g3 18. Bxg3 Ng4 19. Qf3 Ne3 20. Re1 Nxc4 21. Rxe8+ Kxe8 22. Nxc4 Be6 23. Qe2 Kd8 24. Nf3 Kc8 25. Re1 Qd5 26. b3 Rg8 27. Qf2 Bf8 28. Nfe5 Bd6 29. Nxd6+ cxd6 30. c4 Qxd4 31. Nxc6 Qa1+ 32. Kd2 Qxa2+ 33. Kc1 Qa1+ 34. Kd2 Qb2+ 35. Kd1 Bg4+ 0-1

[Event "RA Summer Pickup #3"]
[Site "Ottawa CAN"]
[Date "2000.08.24"]
[Round "5"]
[White "Pacey, Kevin"]
[Black "Marshall, Peter"]
[Result "1-0"]
[WhiteElo "2304"]
[BlackElo "2184"]
[PlyCount "73"]
[GameId "2160767911653014"]
[EventDate "2000.07.27"]
[EventType "swiss"]
[EventRounds "6"]
[EventCountry "CAN"]

1. e4 c5 2. Nc3 g6 3. g3 Bg7 4. Bg2 e5 5. d3 Ne7 6. f4 d6 7. Nf3 Nbc6 8. O-O O-O 9. Bd2 Nd4 10. Rb1 Rb8 11. a3 b5 12. Nxd4 cxd4 13. Ne2 Kh8 14. Kh1 f5 15. c3 fxe4 16. dxe4 dxc3 17. Nxc3 b4 18. axb4 Rxb4 19. Be3 a6 20. Qd2 Rb8 21. h3 Be6 22. Kh2 Qd7 23. Ra1 Bc4 24. Rfd1 Rbd8 25. Ra3 Qe6 26. Qc2 Rb8 27. Nd5 Rfc8 28. Nxe7 Qxe7 29. Rc3 Be6 30. Rxc8+ Bxc8 31. Bc1 Bb7 32. Qd3 exf4 33. gxf4 Re8 34. Qxd6 Qxd6 35. Rxd6 Bxe4 36. Bxe4 Rxe4 37. Rd8+ 1-0

[Event "RA Summer Pickup #3"]
[Site "Ottawa CAN"]
[Date "2000.08.31"]
[Round "6"]
[White "Dunn, David"]
[Black "Pacey, Kevin"]
[Result "0-1"]
[WhiteElo "2117"]
[BlackElo "2304"]
[PlyCount "40"]
[GameId "2160767911653015"]
[EventDate "2000.07.27"]
[EventType "swiss"]
[EventRounds "6"]
[EventCountry "CAN"]

1. e4 Nc6 2. Nf3 e6 3. d4 d5 4. Nbd2 Nf6 5. e5 Nd7 6. c3 f6 7. exf6 Qxf6 8. Bd3 Bd6 9. O-O O-O 10. b4 e5 11. b5 Ne7 12. dxe5 Nxe5 13. Qc2 Nxd3 14. Qxd3 Bf5 15. Qd4 a6 16. Re1 axb5 17. Nf1 Be4 18. Bg5 Qg6 19. Ng3 Nf5 20. Nxf5 Rxf5 0-1

[Event "RA Winter op"]
[Site "Ottawa CAN"]
[Date "2000.01.15"]
[Round "1"]
[White "Veltmann, Alfred"]
[Black "Handelman, Danny"]
[Result "0-1"]
[WhiteElo "1818"]
[BlackElo "1649"]
[PlyCount "65"]
[GameId "2160767911741480"]
[EventDate "2000.01.15"]
[EventType "swiss"]
[EventRounds "5"]
[EventCountry "CAN"]

1. e4 e5 2. Nf3 Nc6 3. Bb5 Bc5 4. O-O Nge7 5. c3 O-O 6. d4 exd4 7. cxd4 Bb6 8. d5 Nb8 9. Nc3 d6 10. h3 c6 11. Bd3 Nd7 12. Bf4 cxd5 13. exd5 Nf6 14. Bg5 Bf5 15. Re1 Bxd3 16. Qxd3 Ng6 17. Qf5 Qc8 18. Qxc8 Raxc8 19. Bxf6 gxf6 20. Ne4 Kg7 21. Rac1 Rxc1 22. Rxc1 Re8 23. Rc4 Ne5 24. Nxe5 Rxe5 25. Nc3 Re1+ 26. Kh2 Bxf2 27. Ne4 Bb6 28. Nxd6 Rd1 29. Ne8+ Kg6 30. d6 f5 31. Rc2 Bg1+ 32. Kg3 Rd3+ 33. Kf4 0-1

[Event "RA Winter op"]
[Site "Ottawa CAN"]
[Date "2000.01.15"]
[Round "2"]
[White "Pacey, Kevin"]
[Black "De Kerpel, Stijn"]
[Result "1-0"]
[WhiteElo "2311"]
[BlackElo "2102"]
[PlyCount "95"]
[GameId "2160767911741481"]
[EventDate "2000.01.15"]
[EventType "swiss"]
[EventRounds "5"]
[EventCountry "CAN"]

1. e4 d5 2. Nc3 dxe4 3. Nxe4 Qd5 4. Nc3 Qa5 5. Nf3 Nf6 6. d4 Bf5 7. Bd2 c6 8. h3 Nbd7 9. Bc4 Qc7 10. Ng5 Bg6 11. Qf3 Nb6 12. Bb3 h6 13. Nge4 Nxe4 14. Nxe4 e6 15. Bf4 Bxe4 16. Qxe4 Bd6 17. Bd2 O-O-O 18. O-O-O Nd7 19. Qg4 Rhg8 20. Rhe1 Kb8 21. Qf3 Nb6 22. g3 Ka8 23. a3 Qe7 24. Kb1 Rd7 25. c4 Bc7 26. Bb4 Qd8 27. Bc3 Qe7 28. d5 cxd5 29. cxd5 e5 30. d6 Bxd6 31. Qxf7 Qxf7 32. Bxf7 Rxf7 33. Rxd6 Rxf2 34. Bxe5 Nc4 35. Bd4 Nxd6 36. Bxf2 Re8 37. Rxe8+ Nxe8 38. Kc2 Kb8 39. Kd3 Kc7 40. Ke4 a6 41. Kf5 Kd6 42. Kg6 Ke6 43. Bd4 Nd6 44. Bxg7 Ne4 45. Bxh6 Nxg3 46. h4 b5 47. h5 a5 48. Bd2 1-0

[Event "RA Winter op"]
[Site "Ottawa CAN"]
[Date "2000.01.15"]
[Round "2"]
[White "Veltmann, Alfred"]
[Black "MacGradey, Shelly"]
[Result "0-1"]
[Annotator ",Hugh"]
[WhiteElo "1818"]
[BlackElo "1735"]
[PlyCount "57"]
[GameId "2160767739579317"]
[EventDate "2000.01.15"]
[EventType "swiss"]
[EventRounds "5"]
[EventCountry "CAN"]

1. d4 Nf6 2. c4 g6 3. Nc3 Bg7 4. e4 d6 5. Be2 O-O 6. Nf3 e5 7. d5 Na6 8. Bg5 h6 9. Bh4 c6 10. a3 Qa5 11. O-O Kh7 12. Nd2 g5 13. Bg3 Qd8 14. Rb1 Ne8 15. Bd3 Nac7 16. b4 c5 17. Qc2 Bd7 18. bxc5 dxc5 19. Nf3 Qe7 20. h4 Nd6 21. hxg5 hxg5 22. Qd2 Kg6 23. Nh2 Rh8 24. f3 f6 25. Nd1 Bh6 26. Ng4 Qh7 27. Nxe5+ fxe5 28. Bxe5 Bg7 29. Bxd6 {Time?} 0-1

[Event "RA Winter op"]
[Site "Ottawa CAN"]
[Date "2000.01.16"]
[Round "4"]
[White "Stier, Frank"]
[Black "Veltmann, Alfred"]
[Result "1-0"]
[WhiteElo "1821"]
[BlackElo "1818"]
[PlyCount "109"]
[GameId "2160767911741484"]
[EventDate "2000.01.15"]
[EventType "swiss"]
[EventRounds "5"]
[EventCountry "CAN"]

1. e4 e5 2. Nf3 Nc6 3. d4 exd4 4. Nxd4 Bc5 5. Be3 Qf6 6. c3 Nge7 7. Bc4 Nxd4 8. Bxd4 Bxd4 9. Qxd4 Qg5 10. O-O Nc6 11. Qd5 Qg6 12. Re1 O-O 13. Bb5 Nb8 14. Bd3 Qe6 15. Qxe6 dxe6 16. e5 Nc6 17. Na3 a6 18. Rad1 Ne7 19. Rd2 g6 20. Be4 Rb8 21. Red1 Re8 22. Nc4 b6 23. Rd8 Kf8 24. Ne3 Bb7 25. Rxe8+ Kxe8 26. Bxb7 Rxb7 27. Ng4 Ng8 28. f4 Rb8 29. Kf2 Ke7 30. Ke3 h5 31. Nf2 f5 32. exf6+ Nxf6 33. h3 Rf8 34. Nd3 Rd8 35. Rf1 Nd5+ 36. Ke4 Kf6 37. Ne5 Ne7 38. Rf2 Rd1 39. g4 Re1+ 40. Kf3 hxg4+ 41. hxg4 Rh1 42. Nd7+ Kf7 43. Ne5+ Kf6 44. Rd2 Rf1+ 45. Rf2 Rxf2+ 46. Kxf2 g5 47. Nd7+ Kg6 48. Kf3 Nd5 49. fxg5 Kxg5 50. Nf8 Kf6 51. Ke4 c6 52. c4 Nb4 53. a3 Ke7 54. Nxe6 Kxe6 55. axb4 1-0

[Event "RA Winter op"]
[Site "Ottawa CAN"]
[Date "2000.01.16"]
[Round "5"]
[White "Baiguildine, Ilias"]
[Black "Pacey, Kevin"]
[Result "1-0"]
[WhiteElo "2274"]
[BlackElo "2311"]
[PlyCount "61"]
[GameId "2160767911741485"]
[EventDate "2000.01.15"]
[EventType "swiss"]
[EventRounds "5"]
[EventCountry "CAN"]

1. e4 e6 2. d4 d5 3. Nc3 Bb4 4. e5 c5 5. Bd2 Ne7 6. a3 Bxc3 7. Bxc3 cxd4 8. Bxd4 Nbc6 9. f4 Nxd4 10. Qxd4 Nf5 11. Qd2 Qb6 12. O-O-O Bd7 13. Nf3 Rc8 14. Kb1 Ne3 15. Rc1 O-O 16. Nd4 Nc4 17. Bxc4 dxc4 18. c3 Bc6 19. Rhe1 Qc5 20. g4 Qd5 21. f5 exf5 22. gxf5 Rce8 23. Qf4 f6 24. e6 Re7 25. Rcd1 Qc5 26. Re3 Rd8 27. Rg1 Qd5 28. Ka1 Kh8 29. Qh4 Be8 30. Rh3 h6 31. Rxg7 1-0

[Event "RACC ch"]
[Site "Ottawa CAN"]
[Date "2000.01.06"]
[Round "1"]
[White "Pacey, Kevin"]
[Black "Marghetis, Aris"]
[Result "1/2-1/2"]
[WhiteElo "2330"]
[BlackElo "2048"]
[PlyCount "112"]
[GameId "2160767911741553"]
[EventDate "2000.01.06"]
[EventType "swiss"]
[EventRounds "7"]
[EventCountry "CAN"]

1. d4 Nf6 2. c4 g6 3. Nc3 Bg7 4. e4 d6 5. Be2 Nbd7 6. Bg5 c6 7. Qd2 a6 8. Rd1 b5 9. a3 Bb7 10. e5 dxe5 11. dxe5 Nxe5 12. Qe3 Qc7 13. Bf4 Nfd7 14. Nf3 Nxf3+ 15. Bxf3 e5 16. Bg5 O-O 17. Be7 Rfe8 18. Bd6 Qb6 19. c5 Qd8 20. Ne4 h6 21. Qb3 Qa5+ 22. Kf1 Nf6 23. h4 Nd5 24. h5 f5 25. Nc3 e4 26. Nxd5 cxd5 27. Be2 g5 28. Rxd5 Bxd5 29. Qxd5+ Kh8 30. Qxf5 Qd2 31. g3 Qxb2 32. c6 Qc1+ 33. Kg2 Qxc6 34. Rd1 Qc8 35. Qg6 Qe6 36. Bc7 Rac8 37. Qxe6 Rxe6 38. Bg4 Rce8 39. Bxe6 Rxe6 40. Rd8+ Kh7 41. Rd7 Kg8 42. Ba5 Bf8 43. Bb4 Bxb4 44. axb4 Kf8 45. Kf1 e3 46. f3 e2+ 47. Ke1 Re3 48. Rd6 Kg7 49. Rg6+ Kh7 50. f4 gxf4 51. gxf4 Rh3 52. Rxa6 Rxh5 53. Kxe2 Rh2+ 54. Kf3 Rb2 55. Kg4 Rxb4 56. Kf5 h5 1/2-1/2

[Event "RACC ch"]
[Site "Ottawa CAN"]
[Date "2000.01.13"]
[Round "2"]
[White "Hum, Peter"]
[Black "Pacey, Kevin"]
[Result "1/2-1/2"]
[WhiteElo "2184"]
[BlackElo "2311"]
[PlyCount "55"]
[GameId "2160767911741554"]
[EventDate "2000.01.06"]
[EventType "swiss"]
[EventRounds "7"]
[EventCountry "CAN"]

1. c4 e6 2. g3 d5 3. Bg2 Nf6 4. Nf3 Be7 5. O-O O-O 6. b3 c5 7. Bb2 Nc6 8. e3 b6 9. Qe2 Bb7 10. d3 Re8 11. Nc3 Bf8 12. Rfe1 e5 13. cxd5 Nxd5 14. Nxd5 Qxd5 15. Nxe5 Qxg2+ 16. Kxg2 Nd4+ 17. Kf1 Nxe2 18. Kxe2 b5 19. Nf3 a5 20. a4 bxa4 21. bxa4 Bd5 22. Rec1 Reb8 23. Ba3 Bxf3+ 24. Kxf3 Rb3 25. Bxc5 Rxd3 26. Bxf8 Kxf8 27. Rc5 Ra6 28. Rac1 1/2-1/2

[Event "RACC ch"]
[Site "Ottawa CAN"]
[Date "2000.01.20"]
[Round "3"]
[White "Pacey, Kevin"]
[Black "Massoulie, Francois"]
[Result "1-0"]
[WhiteElo "2311"]
[BlackElo "1560"]
[PlyCount "31"]
[GameId "2160767911741555"]
[EventDate "2000.01.06"]
[EventType "swiss"]
[EventRounds "7"]
[EventCountry "CAN"]

1. e4 e6 2. d4 d5 3. e5 c5 4. Nf3 Nc6 5. Bd3 Bd7 6. O-O Qb6 7. dxc5 Bxc5 8. c3 a5 9. Qe2 Nge7 10. Bf4 O-O 11. Bxh7+ Kxh7 12. Ng5+ Kg6 13. Qg4 f5 14. Qg3 Rh8 15. Nxe6+ Kf7 16. Qxg7+ 1-0

[Event "RACC ch"]
[Site "Ottawa CAN"]
[Date "2000.01.27"]
[Round "4"]
[White "Pacey, Kevin"]
[Black "Nezirovic, Ozren"]
[Result "1-0"]
[WhiteElo "2311"]
[BlackElo "2100"]
[PlyCount "131"]
[GameId "2160767911741556"]
[EventDate "2000.01.06"]
[EventType "swiss"]
[EventRounds "7"]
[EventCountry "CAN"]

1. e4 g6 2. d4 Bg7 3. Nc3 d6 4. f4 Nf6 5. Nf3 O-O 6. Be2 c5 7. dxc5 Qa5 8. O-O Qxc5+ 9. Kh1 Ng4 10. Nd5 Nc6 11. Bd2 a6 12. h3 Nf6 13. Be3 Qa5 14. c3 Qd8 15. Bb6 Qd7 16. Qd3 Nxd5 17. exd5 Nb8 18. Nd4 Qe8 19. Qe3 Nd7 20. Ba5 Nf6 21. c4 Bd7 22. Bb6 Bc8 23. Rae1 Qd7 24. b3 e6 25. dxe6 fxe6 26. Bf3 Re8 27. Qf2 Kh8 28. Rd1 Qe7 29. Ne2 e5 30. fxe5 dxe5 31. Bc5 Qc7 32. Bb6 Qe7 33. Ng3 Bf5 34. Nxf5 gxf5 35. Bd5 f4 36. Rfe1 Nh5 37. Qf3 Ng3+ 38. Kg1 h5 39. Bf2 Rad8 40. Bxg3 Rxd5 41. Rxd5 fxg3 42. Qxh5+ Kg8 43. Qg6 e4 44. Qxg3 b5 45. c5 e3 46. Rg5 e2 47. b4 Kh8 48. Rxg7 Qxg7 49. Qxg7+ Kxg7 50. Kf2 Re4 51. a3 Rc4 52. Rxe2 Rc3 53. Re3 Rc2+ 54. Kf3 a5 55. bxa5 Rxc5 56. Rb3 Kf6 57. a6 Ke6 58. a7 Rc8 59. h4 Kd6 60. h5 Ke6 61. Rxb5 Rc3+ 62. Kg4 Rxa3 63. Rb6+ Kf7 64. Rb7+ Kf6 65. h6 Ra4+ 66. Kh3 1-0